<?xml version="1.0" encoding="UTF-8"?>
<record
    xmlns:xsi="http://www.w3.org/2001/XMLSchema-instance"
    xsi:schemaLocation="http://www.loc.gov/MARC21/slim http://www.loc.gov/standards/marcxml/schema/MARC21slim.xsd"
    xmlns="http://www.loc.gov/MARC21/slim">

  <leader>00742nam a22001937a 4500</leader>
  <datafield tag="999" ind1=" " ind2=" ">
    <subfield code="c">184318</subfield>
    <subfield code="d">184318</subfield>
  </datafield>
  <controlfield tag="005">20220118163228.0</controlfield>
  <datafield tag="010" ind1=" " ind2=" ">
    <subfield code="a">UR-11397</subfield>
  </datafield>
  <datafield tag="020" ind1=" " ind2=" ">
    <subfield code="c">500.00</subfield>
    <subfield code="a">9789387248793</subfield>
  </datafield>
  <datafield tag="035" ind1=" " ind2=" ">
    <subfield code="a">U-9952</subfield>
  </datafield>
  <datafield tag="037" ind1=" " ind2=" ">
    <subfield code="b">DBAD/PUB</subfield>
    <subfield code="a">dpl</subfield>
  </datafield>
  <datafield tag="082" ind1=" " ind2=" ">
    <subfield code="a">954.015123</subfield>
  </datafield>
  <datafield tag="100" ind1=" " ind2=" ">
    <subfield code="a">&#x63A;&#x648; &#x62B;&#x64A;&#x6C1; &#x628;&#x627; &#x646;&#x648; </subfield>
  </datafield>
  <datafield tag="245" ind1=" " ind2=" ">
    <subfield code="a">&#x639;&#x6C1;&#x62F; &#x639;&#x62B;&#x645;&#x627; &#x646;&#x6CC; (&#x641;&#x631; &#x627;&#x645;&#x64A;&#x646; &#x648; &#x62F; &#x633;&#x62A;&#x627; &#x648; &#x64A;&#x632; &#x627; &#x62A; &#x6A9;&#x6CC; &#x631; &#x648; &#x634;&#x646;&#x6CC; &#x645;&#x64A;&#x6BA; ) </subfield>
    <subfield code="c">&#x63A;&#x648; &#x62B;&#x64A;&#x6C1; &#x628;&#x627; &#x646;&#x648; </subfield>
  </datafield>
  <datafield tag="246" ind1=" " ind2=" ">
    <subfield code="b">Ahdy Usmani(Farameen-o-Dastavezaat Ki Roushni Mein) (Urdu)</subfield>
    <subfield code="a">by Ghousia Banu</subfield>
  </datafield>
  <datafield tag="260" ind1=" " ind2=" ">
    <subfield code="a">Hyderabad</subfield>
    <subfield code="b">Tanveer Publishers</subfield>
    <subfield code="c">2021 &#x621;</subfield>
  </datafield>
  <datafield tag="270" ind1=" " ind2=" ">
    <subfield code="a">#-11-6-837,2nd floor Sana Apartment Red Hills </subfield>
    <subfield code="b">Hyderabad </subfield>
    <subfield code="e">-</subfield>
    <subfield code="k">7207838273</subfield>
    <subfield code="l">-</subfield>
  </datafield>
  <datafield tag="300" ind1=" " ind2=" ">
    <subfield code="a">320 &#x635; </subfield>
    <subfield code="c">22 Cm(Hb)</subfield>
  </datafield>
  <datafield tag="942" ind1=" " ind2=" ">
    <subfield code="2">ddc</subfield>
    <subfield code="c">UR</subfield>
    <subfield code="h">954.015123</subfield>
    <subfield code="m">&#x63A; &#x648; &#x62B; </subfield>
  </datafield>
  <datafield tag="952" ind1=" " ind2=" ">
    <subfield code="0">0</subfield>
    <subfield code="1">0</subfield>
    <subfield code="4">0</subfield>
    <subfield code="7">1</subfield>
    <subfield code="8">NFIC</subfield>
    <subfield code="a">DBAD</subfield>
    <subfield code="b">L</subfield>
    <subfield code="d">2022-01-18</subfield>
    <subfield code="e">DBAD/PUB</subfield>
    <subfield code="g">500.00</subfield>
    <subfield code="l">0</subfield>
    <subfield code="o">954.015123 &#x63A; &#x648; &#x62B;</subfield>
    <subfield code="p">U-9952</subfield>
    <subfield code="r">2022-01-18 00:00:00</subfield>
    <subfield code="t">1</subfield>
    <subfield code="v">500.00</subfield>
    <subfield code="w">2022-01-18</subfield>
    <subfield code="y">UR</subfield>
  </datafield>
</record>
